فکر اقبال کاتعارف / (Record no. 86942)
[ view plain ]
| 000 -LEADER | |
|---|---|
| fixed length control field | 01081nam a22002297a 4500 |
| 005 - DATE AND TIME OF LATEST TRANSACTION | |
| control field | 20200521125706.0 |
| 010 ## - LCCN (DPL NO) | |
| LC control number | UR-8613 B-547741-744 B-665791 |
| 020 ## - INTERNATIONAL STANDARD BOOK NUMBER | |
| International Standard Book Number | 9788192402055 |
| Terms of availability | 110.00 |
| 035 ## - SYSTEM CONTROL NUMBER | |
| System control number | U-7168 B-547741-744 B-665791 |
| 037 ## - SOURCE OF ACQUISITION | |
| Source of stock number/acquisition | BPPD |
| 037 ## - SOURCE OF ACQUISITION | |
| Source of stock number/acquisition | DBAD/Pub. |
| 082 ## - DEWEY DECIMAL CLASSIFICATION NUMBER | |
| Classification number | 841 |
| 100 ## - MAIN ENTRY--PERSONAL NAME | |
| Personal name | سليم اختر |
| 245 ## - TITLE STATEMENT | |
| Title | فکر اقبال کاتعارف / |
| Statement of responsibility, etc | سليم ا ختر |
| 246 ## - VARYING FORM OF TITLE | |
| Title proper/short title | Fikr-e-Iqbal ka Tuaraf / |
| Remainder of title | by Saleem Akhtar |
| 260 ## - PUBLICATION, DISTRIBUTION, ETC. (IMPRINT) | |
| Place of publication, distribution, etc | د ھلی |
| Name of publisher, distributor, etc | ا يم ايم پبليکيشنز |
| Date of publication, distribution, etc | 2012 ء |
| 270 ## - ADDRESS | |
| Address | 3108،گلی و کيل ،کو چہ پنڈ ت لال کنو ا ن |
| City | د ھلی |
| Postal code | 110006 |
| Telephone number | 9999047579 |
| 300 ## - PHYSICAL DESCRIPTION | |
| Extent | 110ص |
| Dimensions | 22cm(Hb) |
| 942 ## - ADDED ENTRY ELEMENTS (KOHA) | |
| Source of classification or shelving scheme | Dewey Decimal Classification |
| Item type | Urdu Bks |
| Edition | |
| Classification part | 841 |
| Call number suffix | ا ق ب |
| Withdrawn status | Lost status | Not for loan | Collection code | Home library | Current library | Date acquired | Source of acquisition | Cost, normal purchase price | Full call number | Barcode | Copy number | Cost, replacement price | Koha item type |
|---|---|---|---|---|---|---|---|---|---|---|---|---|---|
| Non-fiction | Ashok Vihar | Ashok Vihar | 27/03/2017 | BPPD/UR/2014-15/AV/16-17/656/17.2.17/P/1638/6.3.17/8.3.17 | 110.00 | 841 ا ق ب | B-665791 | 1 | 110.00 | Urdu Bks | |||
| Non-fiction | Central Library | Central Library | 25/09/2014 | BPPD/UR/2014-15/125/01-08-2014/BIll No.1469/14/08/2014 | 110.00 | 841 ا ق ب | B-547741 | 1 | 110.00 | Urdu Bks | |||
| Not For Loan | Non-fiction | D.B.Act.Division | D.B.Act.Division | 04/02/2015 | DBAD/Pub. | 110.00 | 841 ا ق ب | U-7168 | 1 | 110.00 | Urdu Bks | ||
| Not For Loan | Non-fiction | Mobile Library | Mobile Library | 25/09/2014 | BPPD/UR/2014-15/125/01-08-2014/BIll No.1469/14/08/2014 | 110.00 | 841 ا ق ب | B-547742 | 1 | 110.00 | Urdu Bks | ||
| Not For Loan | Non-fiction | Patel Nagar | Patel Nagar | 25/09/2014 | BPPD/UR/2014-15/125/01-08-2014/BIll No.1469/14/08/2014 | 110.00 | 841 ا ق ب | B-547743 | 1 | 110.00 | Urdu Bks | ||
| Not For Loan | Non-fiction | Sarojini Nagar | Sarojini Nagar | 25/09/2014 | BPPD/UR/2014-15/125/01-08-2014/BIll No.1469/14/08/2014 | 110.00 | 841 ا ق ب | B-547744 | 1 | 110.00 | Urdu Bks |
